000 00786nam a2200289Ia 4500
001 B6577
003 IT-RoPAU
008 130308s9999 xx 000 0 und d
040 _aIT-RoPAU
040 _cIT-RoPAU
041 _aITALIANO
100 _aRossi Pritoni Liliana
100 _gCodice Aut. SPICS: 19050
245 _aApprendimento della lettura e l'attività musicale (L')
245 _bDisturbi del Linguaggio e Musica
250 _a1a ed.
260 _aASSISI
260 _bPro Civitate Christiana
260 _c1984 [1° Ed.:1984 - Ed.Ling.Originale:1984]
300 _a"14 p. (prefazione: no ; testo: 14 [pagine: 51-64])"
650 _aSAGGI MUSICALI
650 _eCodice materia Spics: 7011
942 _cBK
957 _71
999 _c59664
_d59664
999 _bSI
999 _g1